00693nam a22002177a 450000500170000001000130001702000100003003500130004003700160005304000120006908200130008110000210009424500790011524600060019426000460020027000580024630000200030450000190032465000660034365000660040920170124110231.0 aB-163363 c00.00 aB-163363 bCen Lib/Ret aDPLbEN a080bALE aAlexander, P. C. aThrough the corridors of power :cby P. C. Alexanderban insider's story / b  bHarperCollins Publishersc2004aNew Delhi bNew Delhia1A Hamilton House, Connaught Placee110001 a480p.c24cm(Hb) aIncludes index aAlexander, P. C. -- (Padinjarethalakal Cherian), -- 1921-2011 aAlexander, P. C. -- (Padinjarethalakal Cherian), -- 1921-2011